[Event "Belgrade-chT Quality"]
[Site "Belgrade"]
[Date "2020.11.08"]
[Round "9.1"]
[White "Petrovic, Radenko"]
[Black "Savic, Nemanja"]
[Result "0-1"]
[WhiteElo "2030"]
[BlackElo "2110"]
[PlyCount "58"]
[EventDate "2020.10.09"]
[EventType "team-tourn"]
[EventRounds "9"]
[EventCountry "SRB"]
[SourceTitle "EXT 2022"]
[Source "ChessBase"]
[SourceDate "2021.10.06"]
[SourceVersion "1"]
[SourceVersionDate "2021.10.06"]
[SourceQuality "1"]
[WhiteTeam "Belgrade Borca"]
[BlackTeam "Belgrade Batajnica"]
[WhiteTeamCountry "SRB"]
[BlackTeamCountry "SRB"]

1. e4 c5 2. Nf3 Nc6 3. d4 cxd4 4. Nxd4 Nf6 5. Nc3 e5 6. Ndb5 d6 7. Nd5 Nxd5 8. exd5 Nb8 9. a4 Be7 10. Be3 Nd7 11. b4 a6 12. Na3 b6 13. Be2 0-0 14. Qd2 f5 15. f3 Bh4+ 16. g3 f4 17. Bf2 Bg5 18. Qd3 e4 19. fxe4 Ne5 20. Qb3 Bg4 21. Nc4 Bxe2 22. Nxe5 Qe8 23. Kxe2 Qxe5 24. Qc4 Rac8 25. Qd4 Rxc2+ 26. Kd3 Rxf2 27. Qxf2 fxg3 28. Qxg3 Qb2 29. Qe1 Rf3+ 0-1

[Event "Belgrade Trophy 28th"]
[Site "Belgrade"]
[Date "2014.11.28"]
[Round "5"]
[White "Jovanovic, Sasa T"]
[Black "Petrovic, Radenko"]
[Result "1-0"]
[WhiteElo "2240"]
[BlackElo "2032"]
[PlyCount "49"]
[EventDate "2014.11.24"]
[EventType "swiss"]
[EventRounds "9"]
[EventCountry "SRB"]
[SourceTitle "CBM 163 Extra"]
[Source "ChessBase"]
[SourceDate "2014.12.23"]
[SourceVersion "1"]
[SourceVersionDate "2014.12.23"]
[SourceQuality "1"]

1. d4 g6 2. Nf3 Bg7 3. g3 c5 4. d5 b5 5. a4 b4 6. Bg2 d6 7. 0-0 Nf6 8. a5 Bb7 9. c4 bxc3 10. Nxc3 Na6 11. e4 Nb4 12. a6 Bc8 13. e5 Ng4 14. exd6 exd6 15. Re1+ Kf8 16. Nb5 f6 17. Bd2 Nxa6 18. Qa4 Ne5 19. Nxe5 fxe5 20. f4 Qd7 21. fxe5 Bxe5 22. Bh6+ Bg7 23. Qf4+ Kg8 24. Nxd6 Bb7 25. Bh3 1-0

[Event "Belgrade-chT Quality"]
[Site "Belgrade"]
[Date "2012.10.20"]
[Round "3.3"]
[White "Stojanovic, Sasa M"]
[Black "Petrovic, Radenko"]
[Result "0-1"]
[WhiteElo "2039"]
[BlackElo "2004"]
[PlyCount "62"]
[EventDate "2012.10.13"]
[EventType "team-tourn"]
[EventRounds "11"]
[EventCountry "SRB"]
[SourceTitle "EXT 2019"]
[Source "ChessBase"]
[SourceDate "2018.10.10"]
[SourceVersion "1"]
[SourceVersionDate "2018.10.10"]
[SourceQuality "1"]

1. e4 e5 2. Nf3 Nc6 3. Bb5 g6 4. 0-0 Bg7 5. c3 d6 6. d4 Bd7 7. Re1 Nge7 8. d5 Nb8 9. Bxd7+ Nxd7 10. c4 a5 11. Nc3 0-0 12. Be3 h6 13. Qd2 Kh7 14. a3 f5 15. exf5 gxf5 16. Qc2 Ng6 17. Rac1 e4 18. Nd4 Bxd4 19. Bxd4 Nde5 20. Bxe5 Nxe5 21. Re3 Rg8 22. Rg3 Nd3 23. Rb1 Qe7 24. b4 axb4 25. axb4 Qe5 26. Nb5 f4 27. Rxg8 Rxg8 28. Qc3 Qg5 29. g3 fxg3 30. hxg3 Rf8 31. Rf1 Rf3 0-1

[Event "Belgrade tt Cup"]
[Site "Belgrade"]
[Date "2012.04.22"]
[Round "5.7"]
[White "Poleksic, Petar"]
[Black "Petrovic, Radenko"]
[Result "1-0"]
[WhiteElo "1639"]
[BlackElo "2039"]
[PlyCount "55"]
[EventDate "2012.04.18"]
[EventType "team-swiss"]
[EventRounds "5"]
[EventCountry "SRB"]
[SourceTitle "CBM 148 Extra"]
[Source "ChessBase"]
[SourceDate "2012.06.22"]
[SourceVersion "1"]
[SourceVersionDate "2012.06.22"]
[SourceQuality "1"]
[WhiteTeam "BASK II"]
[BlackTeam "Borca"]
[WhiteTeamCountry "SRB"]
[BlackTeamCountry "SRB"]

1. d4 g6 2. c4 Bg7 3. Nc3 d6 4. Nf3 Nd7 5. e4 e5 6. Be2 Ne7 7. 0-0 0-0 8. Be3 h6 9. Qb3 Nc6 10. Rfd1 exd4 11. Nxd4 Nde5 12. Nxc6 bxc6 13. Qa3 Qh4 14. c5 Ng4 15. Bxg4 Bxg4 16. Rd2 g5 17. Ne2 Be5 18. Ng3 f5 19. exf5 d5 20. Qa6 Rad8 21. Bd4 Rxf5 22. Bxe5 Rxe5 23. Qxc6 Re6 24. Qxc7 Rde8 25. Rf1 Re1 26. Rxd5 Bc8 27. Rd8 g4 28. Rxc8 1-0